000 00617nam a2200205Ii 4500
001 22894
003 CO-ViMGA
008 241108s9999||||xx |||||||||||||| ||und||
020 _a9788877033505
040 _aCO-ViMGA
_bspa
_erda
_cCO-ViMGA
041 0 _aspa
084 _aA CAN19
245 1 0 _aCanta el gallo por la mañana
264 1 _aRoma, Italia : La Coccinella ; Torroella de Montgrí, Girona : Panini España, 2014
300 _avolumen
336 _atext
_btxt
_2rdacontent
337 _aunmediated
_bn
_2rdamedia
338 _avolume
_bnc
_2rdacarrier
940 _aidficha_siabuc: 21409. -- ficha_no_siabuc:22894
999 _c49719
_d49719